[Event "KAZ-ch Women 2019"]
[Site "Almaty"]
[Date "2019.04.23"]
[Round "3.4"]
[White "Shauken, Aruzhan"]
[Black "Dauletova, Gulmira"]
[Result "0-1"]
[WhiteElo "1685"]
[BlackElo "2262"]
[Annotator "NA"]
[PlyCount "72"]
[EventDate "2019.04.21"]
[EventType "tourn"]
[EventCountry "KAZ"]
[SourceTitle "playchess.com"]
[Source "ChessBase"]
[SourceQuality "1"]
[TimeControl "40/5400+30:1800+30"]

1. d4 {[%emt 0:00:00]} Nf6 {[%emt 0:05:46]} 2. c4 {[%emt 0:00:00]} e6 {[%emt 0:00:14]} 3. g3 {[%emt 0:00:00]} d5 {[%emt 0:00:22]} 4. Nf3 {[%emt 0:00:09]} dxc4 {[%emt 0:00:08]} 5. Bg2 {[%emt 0:00:12]} a6 {[%emt 0:00:18]} 6. O-O {[%emt 0:05:59]} Nc6 {[%emt 0:00:22]} 7. Bg5 {[%emt 0:07:03]} Be7 {[%emt 0:00:09]} 8. e3 {[%emt 0:00:33]} Bd7 {[%emt 0:00:21]} 9. Nbd2 {[%emt 0:01:12]} b5 {[%emt 0:01:09]} 10. a4 {[%emt 0:06:02]} Rb8 {[%emt 0:04:51]} 11. axb5 {[%emt 0:02:49]} axb5 {[%emt 0:00:03]} 12. Ne5 {[%emt 0:06:00]} Nxe5 {[%emt 0:16:26]} 13. dxe5 {[%emt 0:00:07]} Nd5 {[%emt 0:00:06]} 14. Bxe7 {[%emt 0:00:20]} Qxe7 {[%emt 0:02:50]} 15. b3 {[%emt 0:11:47]} c3 {[%emt 0:06:46]} 16. Nb1 {[%emt 0:00:36]} Qc5 {[%emt 0:01:47]} 17. Qg4 {[%emt 0:06:30]} g6 {[%emt 0:09:21]} 18. Rc1 {[%emt 0:10:02]} b4 {[%emt 0:05:14]} 19. Nd2 {[%emt 0:04:51]} f5 {[%emt 0:06:29]} 20. exf6 {[%emt 0:02:57]} Nxf6 {[%emt 0:00:24]} 21. Ne4 {[%emt 0:05:46]} Nxe4 {[%emt 0:17:19]} 22. Bxe4 {[%emt 0:00:40]} Rf8 {[%emt 0:00:09]} 23. Rd1 {[%emt 0:07:24]} Rf7 {[%emt 0:00:18]} 24. Ra6 {[%emt 0:07:14]} Kf8 {[%emt 0:02:43]} 25. Rxd7 {[%emt 0:10:36]} Rxd7 {[%emt 0:00:08]} 26. Qxe6 {[%emt 0:00:54]} Rd6 {[%emt 0:00:35]} 27. Rxd6 {[%emt 0:01:06]} Qxd6 {[%emt 0:00:02]} 28. Qc4 {[%emt 0:01:15]} Rd8 {[%emt 0:00:31]} 29. Kg2 {[%emt 0:00:22]} Qe7 {[%emt 0:01:23]} 30. h4 {[%emt 0:01:30]} Rd2 {[%emt 0:01:05]} 31. Qc6 {[%emt 0:00:55]} Qf7 {[%emt 0:02:50]} 32. Bf3 {[%emt 0:00:02]} c2 {[%emt 0:01:17]} 33. Qc5+ {[%emt 0:00:34]} Qe7 {[%emt 0:01:35]} 34. Qc4 {[%emt 0:00:35]} c5 {[%emt 0:01:24]} 35. Be4 {[%emt 0:00:51]} c1=Q {[%emt 0:00:20]} 36. Qxc1 {[%emt 0:00:20]} Qxe4+ {[%emt 0:00:05]} 0-1

[Event "KAZ-ch Women 2019"]
[Site "Almaty"]
[Date "2019.04.23"]
[Round "3.5"]
[White "Kairbekova, Amina"]
[Black "Davletbayeva, Madina"]
[Result "1/2-1/2"]
[WhiteElo "1954"]
[BlackElo "2286"]
[Annotator "NA"]
[PlyCount "65"]
[EventDate "2019.04.21"]
[EventType "tourn"]
[EventCountry "KAZ"]
[SourceTitle "playchess.com"]
[Source "ChessBase"]
[SourceQuality "1"]
[TimeControl "40/5400+30:1800+30"]

1. e4 {[%emt 0:00:00]} e5 {[%emt 0:00:09]} 2. Nf3 {[%emt 0:00:00]} Nc6 {[%emt 0:00:11]} 3. d4 {[%emt 0:00:00]} exd4 {[%emt 0:00:09]} 4. Bc4 {[%emt 0:00:00]} Nf6 {[%emt 0:02:09]} 5. Ng5 {[%emt 0:00:00]} d5 {[%emt 0:02:25]} 6. exd5 {[%emt 0:00:00]} Qe7+ {[%emt 0:01:02]} 7. Kf1 {[%emt 0:00:11]} Ne5 {[%emt 0:01:35]} 8. Qxd4 {[%emt 0:00:06]} Nxc4 {[%emt 0:08:51]} 9. Qxc4 {[%emt 0:00:09]} Qc5 {[%emt 0:10:12]} 10. Qe2+ {[%emt 0:10:47]} Be7 {[%emt 0:01:45]} 11. c4 {[%emt 0:00:53]} b5 {[%emt 0:10:01]} 12. b3 {[%emt 0:06:56]} O-O {[%emt 0:05:01]} 13. Ba3 {[%emt 0:05:59]} b4 {[%emt 0:00:33]} 14. Bb2 {[%emt 0:00:01]} Bf5 {[%emt 0:03:43]} 15. Nd2 {[%emt 0:06:19]} Rfe8 {[%emt 0:06:20]} 16. Nge4 {[%emt 0:02:08]} Nxe4 {[%emt 0:09:11]} 17. Nxe4 {[%emt 0:00:05]} Bxe4 {[%emt 0:01:23]} 18. Qxe4 {[%emt 0:00:04]} Bf6 {[%emt 0:01:19]} 19. Qc2 {[%emt 0:00:05]} Bxb2 {[%emt 0:00:30]} 20. Qxb2 {[%emt 0:00:03]} c6 {[%emt 0:01:15]} 21. dxc6 {[%emt 0:00:24]} Qxc6 {[%emt 0:00:59]} 22. h4 {[%emt 0:00:04]} Rad8 {[%emt 0:05:42]} 23. Rh3 {[%emt 0:02:12]} Qe4 {[%emt 0:01:03]} 24. Kg1 {[%emt 0:07:05]} Qf4 {[%emt 0:04:13]} 25. c5 {[%emt 0:09:29]} Rd2 {[%emt 0:04:05]} 26. Rf3 {[%emt 0:00:01]} Qh6 {[%emt 0:00:48]} 27. Qc1 {[%emt 0:01:48]} Rxa2 {[%emt 0:07:52]} 28. Re3 {[%emt 0:00:11]} Rxe3 {[%emt 0:00:30]} 29. Rxa2 {[%emt 0:00:05]} Rc3 {[%emt 0:01:27]} 30. Qxh6 {[%emt 0:03:18]} gxh6 {[%emt 0:00:05]} 31. Rxa7 {[%emt 0:00:03]} Rxb3 {[%emt 0:00:09]} 32. Rb7 {[%emt 0:00:48]} Rc3 {[%emt 0:00:42]} 33. Rxb4 1/2-1/2

[Event "KAZ-ch Women 2019"]
[Site "Almaty"]
[Date "2019.04.24"]
[Round "4.1"]
[White "Kamalidenova, Meruert"]
[Black "Davletbayeva, Madina"]
[Result "0-1"]
[WhiteElo "2051"]
[BlackElo "2286"]
[Annotator "TA"]
[PlyCount "86"]
[EventDate "2019.04.21"]
[EventType "tourn"]
[EventCountry "KAZ"]
[SourceTitle "playchess.com"]
[Source "ChessBase"]
[SourceQuality "1"]

{[%evp 25,98,0,0,0,0,0,0,0,0,0,0,0,25,-28,-25,-25,-26,-41,-34,-50,-37,-52,-37,-95,-83,-156,-127,-214,-57,-172,-178,-220,-225,-293,-296,-306,-297,-292,-258,-276,-270,-269,-295,-376,-374,-382,-379,-432,-395,-448,-434,-502,-503,-559,-562,-535,-444,-586,-581,-843,-820,-769,-729,-3252,-4191,-2356,-2347,-2054,-1914,-1839,-1796,-29982,-29983,-29984,-29985]} 1. e4 c6 2. d4 d5 3. Nd2 dxe4 4. Nxe4 Bf5 5. Ng3 Bg6 6. h4 h6 7. Nf3 e6 8. h5 Bh7 9. Bd3 Bxd3 10. Qxd3 Nf6 11. Bf4 Bb4+ 12. Bd2 Be7 13. O-O-O O-O 14. Kb1 {B19: Classical Caro-Kann: 4...Bf5 main line} c5 15. Ne4 (15. Be3 Nbd7 16. dxc5 Nxc5 17. Qxd8 Rfxd8 18. Ne5 Nd5 19. Bxc5 Bxc5 20. Ne4 Be7 21. c4 Nf6 22. Nxf6+ gxf6 {0-1 (47) Khachiyan,M (2522)-Nakamura,H (2781) chess.com INT 2018}) 15... Nc6 {[%cal Rc6d4]} 16. Nxc5 {The position is equal.} Bxc5 17. dxc5 Qxd3 18. cxd3 Rad8 $146 ({Predecessor:} 18... Rfd8 19. Bc3 Rd5 20. d4 Rad8 21. a3 Nxh5 {0-1 (46) Randolph,D (1895)-Knittel,M (1940) ICCF email 2014}) 19. Bf4 ({White should play} 19. Bc3) 19... Rd5 $11 20. d4 Rfd8 21. Be3 Nxh5 22. Kc2 Nf6 23. a3 a5 24. b3 (24. Rb1 $15) 24... Ng4 $17 25. Kc3 (25. Rde1 $142) 25... f5 26. Rde1 (26. g3 $17) 26... f4 $2 ({Better is} 26... e5 $19 {[%cal Re5d4]} 27. dxe5 f4) 27. Bxf4 (27. Rh4 $1 $15 fxe3 28. Rxg4) 27... Nxd4 $19 28. Nxd4 Rxc5+ 29. Kd3 Nxf2+ 30. Ke3 Nxh1 31. Rxh1 e5 {[%mdl 64] Double Attack} 32. Ne6 {[#]} Rc3+ $1 ({Not} 32... exf4+ 33. Kxf4 Rf8+ 34. Nxf8 $17) 33. Ke4 Re8 34. Nxg7 Kxg7 35. Bxh6+ {[%mdl 4096] Endgame KRR-KRB} Kg6 36. Bd2 Rxb3 37. Rh6+ Kg7 38. Rd6 Rxa3 39. Rd7+ Kf6 40. Rxb7 Re6 41. g4 Ra4+ 42. Kf3 e4+ 43. Ke2 e3 {Played: Ra4-a2} 0-1

[Event "KAZ-ch Women 2019"]
[Site "Almaty"]
[Date "2019.04.24"]
[Round "4.2"]
[White "Dauletova, Gulmira"]
[Black "Kairbekova, Amina"]
[Result "0-1"]
[WhiteElo "2262"]
[BlackElo "1954"]
[Annotator "TA"]
[PlyCount "90"]
[EventDate "2019.04.21"]
[EventType "tourn"]
[EventCountry "KAZ"]
[SourceTitle "playchess.com"]
[Source "ChessBase"]
[SourceQuality "1"]

{[%evp 12,160,53,47,62,51,52,60,58,41,45,35,53,61,49,64,70,66,50,51,35,22,95,83,96,91,91,87,137,110,99,98,138,110,113,133,131,28,19,10,7,0,6,20,11,9,0,0,0,0,43,33,137,139,119,35,316,0,0,0,0,-118,-95,-91,-106,-95,-89,-100,-89,-205,-193,-242,-253,-238,-243,-230,-165,-420,-491,-625,-613,-824,-527,-808,-793,-786,-785,-785,-785,-761,-491,-499,-457,-583,-344,-344,-344,-344,-344,-344,-344,-344,-305,-344,-344,-5181,-787,-619,-344,-329,-203,-203,-203,-29973,-86,-8656,-770,-29969,-29970,-29974,-29971,-29970,-29970,-29969,-29968,-29970,-29971,-29972,-29972,-29971,-29970,-29952,-29951,-5097,0,0,0,0,0,0,0,-29983,0,-29984,-29985,-29985,-29986,-29986,-29987,-29987,-29988]} 1. e4 e6 2. d4 d5 3. Nd2 Nc6 4. Ngf3 Nf6 5. e5 Nd7 6. Be2 Be7 7. O-O O-O {C04: French Tarrasch: 3...Nc6} 8. Re1 f6 9. exf6 Bxf6 {White is slightly better.} 10. c3 e5 11. Qb3 Nb6 {[%cal Re5d4]} 12. a4 (12. dxe5 Nxe5 13. Nxe5 Bxe5 14. Nf3 Bf6 15. Be3 {1-0 (37) Yu,Y (2729)-Khusnutdinov,R (2458) Doha 2016}) 12... a5 $1 {[%cal Re5d4]} 13. dxe5 Nxe5 14. Nxe5 Bxe5 15. Nf3 Bf4 $146 16. c4 c6 (16... Be6 $11 {remains equal.}) 17. cxd5 $16 cxd5 18. Bxf4 Rxf4 19. Bb5 {aiming for Re8+.} Rb4 20. Qc2 Bd7 21. Bd3 h6 {[%cal Rd7a4]} 22. Ne5 $1 {White wants to mate with Bh7+.} Qf6 {[%cal Rd7a4]} 23. b3 Be8 24. Qd1 (24. Bf5 $16) 24... Nd7 $11 25. Ng4 Qg5 26. f3 Bh5 {[%cal Rh5g4]} 27. h3 Bf7 28. Rc1 h5 29. Ne3 Ne5 {Threatening ...Rd4.} 30. Nf5 Nxd3 31. Qxd3 {Hoping for Rc7.} d4 (31... Be6 $14 32. Rxe6 Qxc1+ 33. Kf2 Qc5+ 34. Kf1 Rb6 35. Nh6+ Kh8 36. Nf7+ (36. Rxb6 $2 Qxb6 37. Nf7+ Kg8 $19) 36... Kg8 37. Nh6+ Kh8 38. Nf7+ (38. Rxb6 $2 Qxb6 39. Nf7+ Kg8 $19) 38... Kg8 39. Nh6+) 32. Rc5 $16 {Threatens to win with Ne7+.} ({Not} 32. Nxd4 Qd8 $17) 32... Kh8 33. f4 (33. Re7 $16 Bg6 34. Qe4) 33... Qxf4 $2 {[%mdl 8192]} ({Better is} 33... Qf6 $14) 34. Rf1 $2 (34. Ne7 $1 $18 {[%cal Re7g6]} Qh6 35. Rf5) 34... Qg5 $11 35. h4 Qg6 36. Rb5 (36. Qd2 $11 Re8 37. Nxd4) 36... Rxb5 37. Qxb5 Rd8 38. Qxa5 b6 $40 {[%mdl 128] Black is out for blood.} 39. Qe5 d3 $1 {[%cal Rd3d2] And now ...d2 would win.} ({Reject} 39... Bxb3 $6 40. Nxg7 $1 {[%mdl 512]} Qxg7 41. Qxh5+ Qh7 42. Qe5+ Qg7 43. Qh5+ Qh7 44. Qe5+ Qg7 45. Qh5+ $11) 40. Ne3 (40. Qc7 $17 {was worth a try.} Re8 41. Qd6) 40... Bxb3 {...d2 is the strong threat.} 41. Qb5 Bf7 42. a5 bxa5 43. Qxa5 Re8 44. Qd2 $2 (44. Qa7 {is a better defense.} Bb3 45. Qd4) 44... Qb6 $19 45. Re1 Bg6 {Played: Qb6-d4} 0-1

[Event "KAZ-ch Women 2019"]
[Site "Almaty"]
[Date "2019.04.24"]
[Round "4.3"]
[White "Nasybullina, Alfia"]
[Black "Shauken, Aruzhan"]
[Result "1-0"]
[WhiteElo "2065"]
[BlackElo "1685"]
[Annotator "NA RC"]
[PlyCount "61"]
[EventDate "2019.04.21"]
[EventType "tourn"]
[EventCountry "KAZ"]
[SourceTitle "playchess.com"]
[Source "ChessBase"]
[SourceQuality "1"]
[TimeControl "40/5400+30:1800+30"]

1. e4 {[%emt 0:06:29]} e6 {[%emt 0:00:00]} 2. d4 {[%emt 0:00:05]} d5 {[%emt 0:00:00]} 3. Nd2 {[%emt 0:00:05]} c5 {[%emt 0:00:09]} 4. exd5 {[%emt 0:00:06]} Qxd5 {[%emt 0:00:19]} 5. Ngf3 {[%emt 0:00:06]} cxd4 {[%emt 0:00:08]} 6. Bc4 {[%emt 0:00:06]} Qd6 {[%emt 0:00:15]} 7. O-O {[%emt 0:00:07]} Nf6 {[%emt 0:00:09]} 8. Nb3 {[%emt 0:00:05]} Nc6 {[%emt 0:00:08]} 9. Nbxd4 {[%emt 0:00:08]} Nxd4 {[%emt 0:00:05]} 10. Nxd4 {[%emt 0:00:08]} a6 {[%emt 0:00:11]} 11. Re1 {[%emt 0:00:07]} Qc7 {[%emt 0:00:23]} 12. Bf1 {[%emt 0:00:08] C07: French Tarrasch: 3...c5, 4 Ngf3 and 4 exd5 Qxd5} Be7 {[%emt 0:05:45]} 13. Qf3 {[%emt 0:00:27]} O-O {[%emt 0:02:14]} 14. Bf4 {[%emt 0:01:42]} Qb6 {[%emt 0:01:07]} (14... Bd6 15. Bxd6 Qxd6 16. Rad1 Qc7 17. c4 Rb8 18. Qg3 Qxg3 19. hxg3 Bd7 {½-½ (61) Karjakin,S (2773)-Duda,J (2737) chess.com INT 2018}) 15. Rad1 {[%emt 0:02:59]} Bd7 $146 {[%emt 0:07:32]} ({Predecessor:} 15... Rd8 16. Nf5 Bf8 17. Rxd8 Qxd8 18. Rd1 Bd7 19. Bg5 exf5 20. Bxf6 {0-1 (52) Serna,J (2036)-Ruiz Castillo,J (2374) Brownsville 2016}) 16. b3 {[%emt 0:03:49]} Rac8 {[%emt 0:01:55]} 17. c4 {[%emt 0:00:31]} Bc5 {[%emt 0:02:16]} 18. Be5 {[%emt 0:00:47]} Ne8 {[%emt 0:02:01]} 19. Nc2 {[%emt 0:18:01]} Bc6 {[%emt 0:00:25]} 20. Qg3 {[%emt 0:00:09]} a5 {[%emt 0:09:29]} 21. a3 {[%emt 0:02:44]} f6 {[%emt 0:12:38]} 22. Ba1 {[%emt 0:02:42]} Nc7 {[%emt 0:06:17]} 23. b4 {[%emt 0:00:29]} axb4 {[%emt 0:03:45]} 24. axb4 {[%emt 0:00:05]} Be7 {[%emt 0:01:44]} 25. Bd4 {[%emt 0:00:44]} Qa6 {[%emt 0:00:19]} 26. b5 {[%emt 0:00:49]} Qa4 {[%emt 0:00:11]} 27. bxc6 {[%emt 0:00:24]} Qxc2 {[%emt 0:00:33]} (27... Qxc6 $142 28. Bd3 Bd6) 28. cxb7 {[%emt 0:00:09]} Rcd8 {[%emt 0:00:33]} 29. Qxc7 {[%emt 0:01:40]} Bb4 $18 {[%emt 0:01:20]} 30. Bxf6 {[%emt 0:02:49]} Rxf6 {[%emt 0:01:32]} 31. Rxd8+ {[%emt 0:00:11]} 1-0

[Event "KAZ-ch Women 2019"]
[Site "Almaty"]
[Date "2019.04.24"]
[Round "4.4"]
[White "Ankudinova, Yelena"]
[Black "Serikbay, Assel"]
[Result "1-0"]
[WhiteElo "2099"]
[BlackElo "2155"]
[Annotator "TA"]
[PlyCount "87"]
[EventDate "2019.04.21"]
[EventType "tourn"]
[EventCountry "KAZ"]
[SourceTitle "playchess.com"]
[Source "ChessBase"]
[SourceQuality "1"]

{[%evp 10,87,2,-7,0,-29,-24,-24,0,0,0,-2,-10,-13,-2,-3,33,-18,0,-3,4,12,19,24,48,41,71,82,123,53,119,109,92,100,95,27,104,102,165,186,185,185,185,168,159,65,201,179,187,187,177,157,261,248,417,389,479,478,535,535,528,523,595,594,572,571,541,541,525,468,678,678,670,649,997,938,1494,1032,5724,5415]} 1. Nf3 d5 2. d4 Nf6 3. Bf4 c5 4. e3 Nc6 5. c3 Qb6 6. Qc2 g6 {D02: 1 d4 d5 2 Nf3 sidelines, including 2...Nf6 3 g3 and 2...Nf6 3 Bf4} 7. dxc5 (7. Nbd2 Bg7 8. h3 O-O 9. Be2 Nd7 10. O-O e5 11. dxe5 Ndxe5 12. Nxe5 Nxe5 13. e4 dxe4 14. Nxe4 {½-½ (23) Laznicka,V (2668)-Nisipeanu,L (2674) Germany 2019}) 7... Qxc5 8. Nbd2 Nh5 {Black has an edge.} 9. Nb3 $146 ({Predecessor:} 9. Bc7 Nb4 10. Qa4+ Bd7 11. Qxb4 Qxc7 12. Be2 e5 {½-½ (32) Brandt,T (1954)-Kruijf,C (1881) Goch 2015}) 9... Qb6 10. Qd2 Nxf4 11. exf4 e6 12. Be2 Bh6 13. g3 ({Better is} 13. h4 $14) 13... O-O 14. h4 Bg7 15. h5 Rd8 16. Rd1 Qc7 17. Kf1 Ne7 18. Bd3 b6 19. a3 (19. Nbd4 $16) 19... a5 (19... d4 $1 $14 20. Nfxd4 Bb7) 20. Qe2 $16 Nf5 21. hxg6 hxg6 22. Ne5 (22. Nbd4 $16) 22... Bb7 {[#]} (22... d4 $1 $11 {remains equal.} 23. g4 Bb7) 23. Nd4 $1 Nxd4 (23... Qc8 $16) 24. cxd4 $18 Bxe5 25. fxe5 Kg7 26. Kg2 Rh8 27. Bb5 (27. Qf3 $16 {Qf6+ would kill now.} Qe7 28. Qf4) 27... Rac8 (27... Rxh1 $1 $14 28. Rxh1 Rh8) 28. Qf3 $40 {[%mdl 128] Threatening mate with Qf6+. White has strong attack.} Qe7 29. Rxh8 Rxh8 30. Rc1 Bc8 (30... Rf8 $16 31. Rh1 Qg5) 31. Rc6 Rd8 $2 (31... Qg5 {was worth a try.} 32. Rc7 (32. Rxb6 Qc1 $18) 32... Qf5 33. Qxf5 exf5) 32. Rxb6 Qg5 33. Rb8 {White is clearly winning.} Rh8 34. b4 axb4 35. axb4 Qe7 {[#]} 36. Qf6+ $1 {[%mdl 512]} Qxf6 37. exf6+ Kxf6 {[#] and the idea ...Ke7 leaves Black hopeful.} 38. Ba6 $1 {[%mdl 512]} Bxa6 39. Rxh8 {KR-KB} Ke7 (39... e5 $142 40. Rb8 Bc4 41. dxe5+ Kxe5) 40. Ra8 Bd3 41. Ra7+ Kf6 42. f4 Kf5 43. Kf3 {[%cal Ra7f7]} Be4+ 44. Ke3 {Accuracy: White = 68%, Black = 20%.} 1-0

[Event "KAZ-ch Women 2019"]
[Site "Almaty"]
[Date "2019.04.24"]
[Round "4.5"]
[White "Nakhbayeva, Guliskhan"]
[Black "Sultanbek, Zeinep"]
[Result "1-0"]
[WhiteElo "2303"]
[BlackElo "1891"]
[Annotator "NA RC"]
[PlyCount "81"]
[EventDate "2019.04.21"]
[EventType "tourn"]
[EventCountry "KAZ"]
[SourceTitle "playchess.com"]
[Source "ChessBase"]
[SourceQuality "1"]
[TimeControl "40/5400+30:1800+30"]

1. d4 {[%emt 0:00:00]} Nf6 {[%emt 0:00:00]} 2. c4 {[%emt 0:00:00]} g6 {[%emt 0:00:00]} 3. Nc3 {[%emt 0:00:44]} Bg7 {[%emt 0:00:00]} 4. e4 {[%emt 0:00:43]} d6 {[%emt 0:00:00]} 5. h3 {[%emt 0:00:46]} O-O {[%emt 0:00:07]} 6. Bg5 {[%emt 0:00:01]} c5 {[%emt 0:00:06]} 7. d5 {[%emt 0:00:32]} e6 {[%emt 0:00:07]} 8. Bd3 {[%emt 0:01:09]} exd5 {[%emt 0:00:08]} 9. exd5 {[%emt 0:00:39]} Nbd7 {[%emt 0:00:06]} 10. Nf3 {[%emt 0:00:33]} Re8+ {[%emt 0:01:03]} 11. Kf1 {[%emt 0:00:03]} a6 {[%emt 0:07:37]} 12. a4 {[%emt 0:00:50]} Ne5 {[%emt 0:09:07] E71: King's Indian: 4 e4 d6 5 h3} (12... h6 13. Be3 Ne5 14. Nxe5 Rxe5 15. Qd2 Qf8 16. g4 Nh7 17. Bf4 f5 18. Bxe5 Bxe5 19. Qe2 Kg7 20. gxf5 Bxf5 {1-0 (51) Aleksandrov,A (2607)-Belozerov,A (2523) Pavlodar 2012}) 13. Nxe5 {[%emt 0:00:17]} Rxe5 {[%emt 0:00:10]} 14. Qd2 {[%emt 0:00:16]} Bf5 {[%emt 0:00:48]} 15. Bxf5 {[%emt 0:01:56]} Rxf5 {[%emt 0:00:06]} 16. Re1 {[%emt 0:12:50]} h6 $146 {[%emt 0:07:34]} ({Predecessor:} 16... Qb6 17. g4 Rxg5 18. Qxg5 Qxb2 19. Re3 Nd7 20. Ne4 {1-0 (77) Sotnikov,I (2440)-Filippov,V (2455) Moscow 1995}) 17. Bxh6 {[%emt 0:02:08]} Bxh6 {[%emt 0:00:20]} 18. Qxh6 {[%emt 0:00:05]} Nh5 {[%emt 0:01:25]} 19. Kg1 {[%emt 0:23:27]} Qh4 {[%emt 0:17:41]} 20. Qd2 {[%emt 0:03:50]} ({Worse is} 20. Ne4 Re5 $17) 20... Rf4 {[%emt 0:02:11]} 21. g4 {[%emt 0:15:14]} Qg5 {[%emt 0:40:15]} 22. Ne4 {[%emt 0:02:33] Double Attack} Rxe4 {[%emt 0:02:41]} 23. Qxg5 {[%emt 0:00:10]} Rxe1+ {[%emt 0:00:02]} 24. Kg2 {[%emt 0:00:17]} Re5 {[%emt 0:00:06]} 25. Qd2 {[%emt 0:05:29]} Nf6 {[%emt 0:00:38]} 26. Re1 {[%emt 0:02:32]} Rae8 {[%emt 0:01:01]} 27. Rxe5 {[%emt 0:00:10]} Rxe5 {[%emt 0:00:04]} 28. b4 {[%emt 0:05:20]} Ne4 {[%emt 0:01:09]} 29. Qb2 {[%emt 0:01:57]} cxb4 {[%emt 0:00:08]} 30. Qxb4 {[%emt 0:00:20]} Re7 {[%emt 0:00:04]} 31. Qb6 {[%emt 0:00:47]} Rd7 {[%emt 0:00:16]} 32. Qa7 {[%emt 0:01:17]} Nc5 {[%emt 0:00:18]} 33. Qb8+ {[%emt 0:00:29]} Kg7 {[%emt 0:00:21]} 34. Qe8 {[%emt 0:00:27]} g5 {[%emt 0:00:41]} 35. a5 {[%emt 0:00:30]} Kf6 {[%emt 0:00:19]} 36. Qh8+ {[%emt 0:02:46]} Ke7 {[%emt 0:00:11]} 37. Qg7 $18 {[%emt 0:00:16]} Kd8 {[%emt 0:00:30]} 38. Qxg5+ {[%emt 0:00:18]} Re7 {[%emt 0:00:04]} 39. h4 {[%emt 0:00:36]} Ne4 {[%emt 0:00:36]} 40. Qg8+ {[%emt 0:00:00]} Kd7 {[%emt 0:00:00]} 41. h5 {[%emt 0:01:19]} 1-0

[Event "KAZ-ch Women 2019"]
[Site "Almaty"]
[Date "2019.04.25"]
[Round "5.1"]
[White "Sultanbek, Zeinep"]
[Black "Kamalidenova, Meruert"]
[Result "0-1"]
[WhiteElo "1891"]
[BlackElo "2051"]
[Annotator "NA RC"]
[PlyCount "108"]
[EventDate "2019.04.21"]
[EventType "tourn"]
[EventCountry "KAZ"]
[SourceTitle "playchess.com"]
[Source "ChessBase"]
[SourceQuality "1"]
[TimeControl "40/5400+30:1800+30"]

{[%evp 13,108,33,31,32767,32767,32767,32767,32767,32767,32767,-2,15,25,14,0,0,19,-10,-3,-4,0,-55,-37,-16,-14,-40,-31,-16,-23,-177,-191,32767,-268,-258,-275,-262,-243,-237,0,0,0,0,0,0,0,-19,-35,-52,-43,-147,-177,-228,-245,-230,-240,-242,32767,32767,32767,32767,32767,-243,32767,32767,32767,32767,-219,-206,32767,32767,32767,32767,32767,32767,32767,32767,32767,32767,-379,32767,32767,32767,32767,32767,32767,32767,32767,32767,-1300,-1223,-1850,-1823,-5310,-4806,-5314,-29976,-29974]} 1. d4 {[%emt 0:00:00]} Nf6 {[%emt 0:00:00]} 2. Nf3 {[%emt 0:00:00]} g6 {[%emt 0:00:00]} 3. c4 {[%emt 0:00:00]} Bg7 {[%emt 0:00:00]} 4. g3 {[%emt 0:00:09]} O-O {[%emt 0:00:00]} 5. Bg2 {[%emt 0:00:06]} d6 {[%emt 0:00:00]} 6. O-O {[%emt 0:00:04]} Nbd7 {[%emt 0:00:04]} 7. Nc3 {[%emt 0:01:44]} e5 {[%emt 0:00:23]} 8. Qd2 {[%emt 0:05:24] E67: King's Indian: Fianchetto: 6...Nbd7} (8. e4 exd4 9. Nxd4 Nc5 10. h3 Re8 11. Re1 Bd7 12. Rb1 h6 13. b4 Ne6 14. Nxe6 Bxe6 15. Nd5 a5 16. a3 axb4 17. axb4 Nxd5 18. cxd5 Bd7 19. Bb2 Bxb2 20. Rxb2 Qf6 {½-½ (30) Howell,D (2693)-Ganguly,S (2633) Astana 2019}) 8... Re8 {[%emt 0:04:59]} 9. b3 {[%emt 0:01:20]} exd4 {[%emt 0:01:39]} 10. Nxd4 {[%emt 0:00:13]} Nc5 {[%emt 0:00:14]} 11. Bb2 {[%emt 0:00:58]} a5 {[%emt 0:04:01]} 12. Rad1 {[%emt 0:01:00]} Bd7 {[%emt 0:03:49]} 13. Ncb5 $146 {[%emt 0:15:55]} ({Predecessor:} 13. Rfe1 Nfe4 14. Nxe4 Nxe4 15. Qc2 f5 16. e3 Qe7 17. Ne2 Bc6 {½-½ (76) Lim,Z (2164)-Galliano,A (2101) Crawley 2013}) 13... h5 {[%emt 0:08:00]} 14. Qf4 {[%emt 0:06:38]} Nfe4 {[%emt 0:08:40]} 15. Nc3 {[%emt 0:03:52]} (15. f3 $5 {[%cal Rf3e4]} Nf6 16. e4 $11) 15... Nxc3 {[%emt 0:09:39]} 16. Bxc3 {[%emt 0:00:21]} Qe7 {[%emt 0:02:25]} 17. Nb5 {[%emt 0:08:16]} Bxb5 {[%emt 0:03:11]} 18. Bxg7 {[%emt 0:00:18]} Kxg7 {[%emt 0:00:05]} 19. cxb5 {[%emt 0:00:05]} Qxe2 {[%emt 0:00:59]} 20. b6 {[%emt 0:00:34]} Qe5 {[%emt 0:06:31]} 21. Qc4 {[%emt 0:10:24]} (21. bxc7 $15 Qxf4 22. gxf4) 21... c6 {[%emt 0:02:53]} ({Don't do} 21... cxb6 22. Qb5 $15) 22. f4 {[%emt 0:04:56]} Qe3+ {[%emt 0:04:29]} 23. Kh1 {[%emt 0:00:06]} d5 {[%emt 0:02:49]} 24. Qc2 {[%emt 0:01:31]} Ne4 {[%emt 0:01:27]} 25. f5 {[%emt 0:01:04]} h4 $2 {[%emt 0:02:33]} (25... g5 $19 26. f6+ Kh6) 26. gxh4 {[%emt 0:04:01]} Qh6 {[%emt 0:04:15]} 27. fxg6 {[%emt 0:01:20]} fxg6 {[%emt 0:01:28]} 28. Bxe4 {[%emt 0:08:31]} Rxe4 {[%emt 0:00:13]} 29. Qf2 {[%emt 0:00:02]} Qxh4 {[%emt 0:05:13]} 30. Qf7+ {[%emt 0:01:41] Double Attack} Kh6 {[%emt 0:01:05]} 31. Rd2 {[%emt 0:07:37] [#]} (31. Rg1 $15 Rg4 32. Rxg4 Qxg4 33. Re1) 31... Re1 $1 {[%emt 0:04:04]} 32. Rg2 {[%emt 0:01:48]} (32. Rdf2 {was necessary.} Rae8 33. Qf3) 32... Rxf1+ {[%emt 0:00:27]} 33. Qxf1 {[%emt 0:00:06]} Re8 {[%emt 0:00:48]} 34. Rg3 {[%emt 0:03:33]} Qe4+ {[%emt 0:00:55]} 35. Kg1 {[%emt 0:00:07]} Qd4+ {[%emt 0:01:46]} 36. Kh1 {[%emt 0:00:09]} Qe4+ {[%emt 0:02:41]} 37. Kg1 {[%emt 0:00:06]} Qe1 {[%emt 0:00:38]} 38. Rf3 {[%emt 0:01:36]} Qxf1+ {[%emt 0:01:12]} 39. Kxf1 {[%emt 0:00:03]} Kg7 {[%emt 0:00:09]} 40. Rc3 {[%emt 0:00:00]} Kf7 {[%emt 0:00:00]} 41. Kf2 {[%emt 0:00:56]} Rh8 {[%emt 0:06:27]} 42. Kg3 {[%emt 0:00:23]} Ke7 {[%emt 0:00:43]} 43. h3 {[%emt 0:01:35]} Kd6 {[%emt 0:00:26]} 44. Kg4 {[%emt 0:00:05]} Rh5 {[%emt 0:01:32]} 45. Rf3 {[%emt 0:01:07]} Re5 {[%emt 0:03:51]} 46. Rf6+ {[%emt 0:04:10]} Re6 {[%emt 0:00:02]} 47. Rf7 {[%emt 0:00:07]} Re7 {[%emt 0:00:05]} 48. Rf6+ {[%emt 0:00:03]} Kc5 {[%emt 0:01:02]} 49. Rxg6 {[%emt 0:00:05]} d4 {[%emt 0:00:08]} 50. Rf6 {[%emt 0:01:46]} d3 {[%emt 0:00:34]} 51. Rf1 {[%emt 0:02:21]} Kd4 {[%emt 0:00:20]} 52. h4 {[%emt 0:00:05]} d2 {[%emt 0:00:10]} 53. Rd1 {[%emt 0:00:03]} Kd3 $19 {[%emt 0:00:06]} 54. h5 {[%emt 0:00:06]} Kc2 {[%emt 0:00:19]} 0-1